Statistics for Countries By Highest Male to Female Ratio

Click here to take the quiz!

General Stats

  • This quiz has been taken 10 times
  • The average score is 9 of 20

Answer Stats

RatioAnswer% Correct
1.08India
90%
1.06China
90%
1.18Oman
80%
2.56United Arab Emirates
80%
3.39Qatar
80%
1.53Bahrain
80%
1.30Saudi Arabia
80%
1.38Kuwait
70%
1.11Jordan
50%
1.08Bhutan
50%
1.05Egypt
40%
1.05Libya
40%
1.13Maldives
30%
1.06Andorra
30%
1.06South Sudan
20%
1.05Cyprus
20%
1.08Gabon
0%
1.07Seychelles
0%
1.07Palau
0%
1.06Kosovo
0%

Score Distribution

Percentile by Number Answered

Percent of People with Each Score

Your Score History

You have not taken this quiz